Sophie the awesome / (Record no. 4458)
[ view plain ]
| 000 -LEADER | |
|---|---|
| fixed length control field | 01009nam a22003017a 4500 |
| 001 - CONTROL NUMBER | |
| control field | 4458 |
| 003 - CONTROL NUMBER IDENTIFIER | |
| control field | FISKH |
| 005 - DATE AND TIME OF LATEST TRANSACTION | |
| control field | 20240911090625.0 |
| 008 - FIXED-LENGTH DATA ELEMENTS--GENERAL INFORMATION | |
| fixed length control field | 240911b cb ||||| |||| 00| 0 eng d |
| 020 ## - INTERNATIONAL STANDARD BOOK NUMBER | |
| International Standard Book Number | 9780545146043 |
| 040 ## - CATALOGING SOURCE | |
| Original cataloging agency | FISKH |
| Language of cataloging | eng |
| Transcribing agency | FISKH |
| Modifying agency | FISKH |
| 050 ## - LIBRARY OF CONGRESS CALL NUMBER | |
| Classification number | PZ7.B44985 |
| 082 ## - DEWEY DECIMAL CLASSIFICATION NUMBER | |
| Edition number | 813 |
| 100 ## - MAIN ENTRY--PERSONAL NAME | |
| Personal name | Bergen, Lara |
| Dates associated with a name | 1955- |
| 245 ## - TITLE STATEMENT | |
| Title | Sophie the awesome / |
| Statement of responsibility, etc. | By Lara Bergen illustrated by Laura Tallardy |
| 250 ## - EDITION STATEMENT | |
| Edition statement | First printing in 2010 |
| 260 ## - PUBLICATION, DISTRIBUTION, ETC. | |
| Place of publication, distribution, etc. | New York : |
| Name of publisher, distributor, etc. | Scholastic, |
| Date of publication, distribution, etc. | 2010. |
| 300 ## - PHYSICAL DESCRIPTION | |
| Extent | 106 pages : |
| Other physical details | illustrations ; |
| Dimensions | 20 cm |
| 505 ## - FORMATTED CONTENTS NOTE | |
| Formatted contents note | G<br/> |
| 520 ## - SUMMARY, ETC. | |
| Summary, etc. | Third-grader Sophie wants to be special, and she tries in every way that she can think of to stand out, until she rescues Ella from an oncoming car and becomes Sophie the Hero. |
| 521 8# - TARGET AUDIENCE NOTE | |
| Target audience note | 410L<br/> |
| Source | Lexile<br/><br/> |
| 521 8# - TARGET AUDIENCE NOTE | |
| Target audience note | G<br/> |
| Source | Raz-Plus<br/> |
| 650 ## - SUBJECT ADDED ENTRY--TOPICAL TERM | |
| Source of heading or term | Fiction |
| Topical term or geographic name entry element | School |
| Form subdivision | Self-image |
| 650 ## - SUBJECT ADDED ENTRY--TOPICAL TERM | |
| Source of heading or term | Female narrator |
| Topical term or geographic name entry element | Chapter book |
| 700 ## - ADDED ENTRY--PERSONAL NAME | |
| Personal name | Tallardy, Laura |
| Dates associated with a name | Illustrator |
| 942 ## - ADDED ENTRY ELEMENTS (KOHA) | |
| Source of classification or shelving scheme | Dewey Decimal Classification |
| Koha item type | Books |
| Suppress in OPAC | No |
| Withdrawn status | Lost status | Source of classification or shelving scheme | Damaged status | Not for loan | Collection | Home library | Current library | Shelving location | Date acquired | Total Checkouts | Full call number | Barcode | Date last seen | Date last checked out | Copy number | Price effective from | Koha item type |
|---|---|---|---|---|---|---|---|---|---|---|---|---|---|---|---|---|---|
| Dewey Decimal Classification | Juvenile Fiction | Footprints International School Library Network Toul Kork Campus | Footprints International School Library Network Toul Kork Campus | 09/11/2024 | BER 813 PZ7.B44985 | 2024-1908 | 09/11/2024 | 2 | 09/11/2024 | Books | |||||||
| Dewey Decimal Classification | Juvenile Fiction | Footprints International School Library Network Toul Kork Campus | Footprints International School Library Network Toul Tom Poung Campus | 09/11/2024 | 1 | BER 813 PZ7.B44985 | 2024-1907 | 02/02/2026 | 01/05/2026 | 1 | 09/11/2024 | Books |
